Statistics for Every Country Between 1 and 2 Million Population

Click here to take the quiz!

General Stats

  • This quiz has been taken 13 times
  • The average score is 9 of 13

Answer Stats

HintAnswer% Correct
1,836,978Kosovo
92%
1,317,797Estonia
85%
1,953,000Latvia
85%
1,916,000Lesotho
77%
1,132,657Swaziland
77%
1,882,450The Gambia
77%
1,353,895Trinidad And Tobago
77%
1,404,900Bahrain
69%
1,167,242East Timor
62%
1,222,442Equatorial Guinea
62%
1,811,079Gabon
62%
1,547,777Guinea-Bissau
62%
1,263,747Mauritius
54%

Score Distribution

Percentile by Number Answered

Percent of People with Each Score

Your Score History

You have not taken this quiz